000 00853cam a22002534a 4500
001 sa 66007895
003 DLC
005 20260227112308.0
008 890907s1963 ii b 000 0 hino
010 _asa 66007895
035 _a(OCoLC)20310897
040 _aDLC
_cDLC
041 0 _ahin
_abra
050 0 0 _aPK1967.9.V47
_bZ833 1963
100 1 _aPrasad, Rama Shankar.
245 1 0 _aSaṅkshipta Bihārī :
_bsaṭīka /
_clekhaka Ramāśaṅkaraprasāda ; prākkathana-lekhka, Venīprasāda.
260 _aPrayāga :
_bInḍiyana Presa,
_c1963.
300 _a[10], 229 p. ;
_c18 cm.
546 _aIn Hindi and Braj.
500 _aContains excerpts from Vihārī Lālā's works.
504 _aBibliographical footnotes.
600 0 0 _aVihārī Lāla,
_cKavi
_xCriticism and interpretation.
700 0 2 _aVihārī Lāla,
_cKavi.
_kSelections.
_f1963.
999 _c71479
_d71479